Profile: Charlie Brown Quiz Stats

Quiz Updated Aug 14, 2017

Also try: Profile: Mario
Challenge
Share
Tweet
Embed
Score 0/14 Timer 03:00
0 Plays Today
Hint Answer % Correct
DogSnoopy
97.9%
Comic Strip NamePeanuts
90.5%
PsychiatristLucy van Pelt
89.4%
Best friendLinus van Pelt
89.3%
Baseball PositionPitcher
78.1%
NicknameChuck
77.2%
SisterSally Brown
66%
Hint Answer % Correct
Catchphrase - Good ___Grief!
63.5%
CreatorCharles Schulz
60.8%
Lucky Number13
56.7%
Debut Year1950
47.6%
Unrequited LoveLittle Red-Haired Girl
39%
Kite Flying NemesisKite-Eating Tree
20.9%
Baseball HeroJoe Shlabotnik
5.9%

You're not logged in!

Compare scores with friends on all Sporcle quizzes.
Sign Up with Email
OR
Log In

You Might Also Like...

Show Comments

Extras

Top Quizzes Today


Score Distribution

Your Account Isn't Verified!

In order to create a playlist on Sporcle, you need to verify the email address you used during registration. Go to your Sporcle Settings to finish the process.